000 00635nam a2200205Ia 4500
003 GCL
008 140319s9999 xx 000 0 ara d
040 _aGCL /
_cGCL
082 0 4 _a146.7
_bغ ف
100 1 _aغاستون باشلار
245 1 0 _aفلسفة الرفض مبحث فلسفى فى العقل العلمى الجديد /
_cغاستون باشلار
700 1 _aخليل احمد خليل
260 _a[S.N] :
_bدار الحداثة ،
_c1985
300 _a165 ص
490 _a
650 0 4 _aفلسفة
650 0 4 _aالفلسفة العقلية
650 0 4 _aالغائية (فلسفة)
942 _2ddc
_cBK
999 _c55136
_d55136